01495nam a2200337 a 4500001001000000003000500010005001700015008004100032010001100073011001100084040000900095090001000104100004200114245020700156260004100363500006000404502008200464590004100546590004000587590004000627650002800667650003700695650003700732856007000769901000700839942001000846942000600856999001900862952014000881952013601021000112848CHAP20220329144324.0170118s2016 mx sm |||||||spa d a109309 a110281 cCHAP aTesis1 aFerman Aguilera, Nadia Surith913134710aPropuesta de unidad de manejo para la conservación de vida silvestre (UMA) de Ambystoma mexicanum (shaw & nodder) en la Laguna de Tecocomulco, Hidalgo.h[En línea]cpor Nadia Surith Ferman Aguilera. aChapingo, Méx. :bEl autor,c2016. aPara ver el contenido del material haga clic en la liga aTesis (Ing. en Recursos Naturales Renovables) -- UACH. Departamento de Suelos aBATCH-UPDb05c20170118lUCH01h0841 aE5765TAJb05c20170118lUCH01h0840 aE5765TAJb05c20170118lUCH01h084014aAguaxAnálisis.9228014aAjolotexConservación.913134814aAjolotexReproducción.9131349 aFinding aiduhttp://10.13.5.2/tesis/sist112848.pdfzTeclea aquí aBK cTESIS n0 c109309d109309 00102local4053708TESISaBCbBCcPA_TESISd2017-01-18fTESISl0oTesisp33724002524149r2019-12-31 00:00:00tc.2w2019-12-31yTESIS 00104054718TESISaBCbBCd2017-01-18fTESISl0oTesisp33724002524181r2019-12-31 00:00:00w2019-12-31yTESISzRecien adquirido